Bankrott'95 <Die> Schuldenkatastrophe der USA und das Ende des American Way of Life
Uložené v:
| Hlavný autor: | |
|---|---|
| Ďalší autori: | , |
| Médium: | Kniha |
| Jazyk: | German |
| Vydavateľské údaje: |
Frankfurt/m
Ullstein
1993
|
| Vydanie: | 1. Aufl. |
| Predmet: | |
| Tagy: |
Žiadne tagy, Buďte prvý, kto otaguje tento záznam!
|
MARC
| LEADER | 00000nam a2200000 4500 | ||
|---|---|---|---|
| 001 | c002778 | ||
| 005 | 20221206074236.9 | ||
| 020 | |a 3-550-06831-X | ||
| 041 | 0 | |a ger | |
| 044 | |a DE | ||
| 245 | 1 | 0 | |a Bankrott'95 |b <Die> Schuldenkatastrophe der USA und das Ende des American Way of Life |c Harry E. Figgie, Gerald J. Swanson ; Hans-ulrich Seebohm |
| 250 | |a 1. Aufl. | ||
| 264 | 1 | |a Frankfurt/m |b Ullstein |c 1993 | |
| 300 | |a 267 s. | ||
| 610 | 2 | 0 | |a bankrot |
| 610 | 2 | 0 | |a recesia |
| 610 | 2 | 0 | |a dlhy štátne |
| 610 | 2 | 0 | |a zadlženosť zahraničná |
| 610 | 2 | 0 | |a USA |
| 610 | 2 | 0 | |a deficit |
| 610 | 2 | 0 | |a príjmy |
| 610 | 2 | 0 | |a výdavky |
| 610 | 2 | 0 | |a inflácia |
| 610 | 2 | 0 | |a investície |
| 610 | 2 | 0 | |a politika hospodárska |
| 610 | 2 | 0 | |a stratégia hospodárska |
| 610 | 2 | 0 | |a prognózy hospodárske |
| 100 | 1 | |a Figgie, Harry E. | |
| 700 | 1 | |a Swanson, Gerald J. | |
| 700 | 1 | |a Seebohm, Hans-Ulrich | |